[Event "Canadian op"]
[Site "Montreal"]
[Date "2008.07.27"]
[Round "9"]
[White "Mikhalevski, Victor"]
[Black "Huzman, Alexander"]
[Result "1-0"]
[WhiteElo "2592"]
[BlackElo "2589"]
[Annotator "Mikhalevski,V"]
[PlyCount "73"]
[EventDate "2008.07.19"]
[EventType "swiss"]
[EventRounds "9"]
[EventCountry "CAN"]
[SourceTitle "CBM 125"]
[Source "ChessBase"]
[SourceDate "2008.07.30"]
[SourceVersion "1"]
[SourceVersionDate "2008.07.30"]
[SourceQuality "1"]

1. d4 Nf6 2. c4 e6 3. g3 d5 4. Bg2 Be7 5. Nf3 O-O 6. O-O dxc4 7. Na3 {I needed
a win in this last round game and so I decided to surprise my opponent with
this rare and well-forgotten line.} Bxa3 8. bxa3 Bd7 {However it turned out
that he remembered a recent game of Ivanchuk, which you'll see below.} 9. Qc2 {
A side line. White wins back the c4-pawn, but allows the light-squared bishop
a good position on the a8-h1 diagonal.} (9. Ne5 {is the main line.} Bc6 10.
Nxc6 Nxc6 11. Bb2 {1/2-1/2 Kozul,Z (2595)-Georgiev,K (2654)/Sarajevo 2002/CBM
090/[Ribli] (54)} ({Ivanchuk included} 11. Rb1 Rb8 {and only then played} 12.
Bb2 {, but achieved nothing and soon a draw was agreed.} Qd7 13. e4 Rfd8 14. d5
exd5 15. Bxf6 gxf6 16. exd5 Ne5 17. Qd4 Qd6 18. f4 {1/2-1/2 Ivanchuk,V (2729)
-Onischuk,A (2663)/Foros 2007/CBM 119})) 9... Bc6 10. Qxc4 Nbd7 $6 {After the
game Alex criticised his own move here, and probably rightly so.} (10... Bd5 {
would be more precise developing the knight to c6.} 11. Qc3 Nc6 12. Rd1 Be4 13.
Qb2 Rb8 14. Bg5 h6 15. Bxf6 Qxf6 16. Ne5 Nxe5 17. Bxe4 (17. dxe5 $5 Qf5 18. Rd7
$14) 17... Nc4 18. Qb4 Nd6 19. Bf3 {1/2-1/2 Smirin,I (2555)-Rozentalis,E (2565)
/Leningrad 1990/URS-ch (27). with a minimal advantage for White.}) 11. Bf4 $1 {
[%csl Rc7] Now Black won't be able to move the bishop.} (11. Bg5 h6 12. Bxf6
Nxf6 13. Rfc1 Qd6 14. Ne5 Bxg2 15. Kxg2 Nd5 16. Qb3 Rab8 17. Rc2 c6 18. e3 Rfd8
19. Rac1 Nb6 20. Qb4 Qd5+ 21. f3 Nd7 22. Nxd7 Qxd7 23. a4 Re8 24. Rc5 Rbd8 25.
R1c2 Re7 26. a5 a6 $14 {0-1 Aseev,K (2575)-Rozentalis,E (2565)/Leningrad 1990/
URS-ch (39)}) 11... h6 {This move is a novelty. Probably Black shouldn't waste
time on this move} ({Earlier Black tested} 11... Nb6 12. Qc2 Rc8 13. Rfc1 Qe7
14. Qb2 $14 {1/2-1/2 Szmetan,J (2385)-Servat,R (2395)/Buenos Aires 1991/EXT
1998 (48)}) ({and} 11... Rc8 12. Rac1 Bd5 {1/2-1/2 Przedmojski,R (2398)
-Zeberski,J (2326)/Poraj 2003/EXT 2005 (39). (15)} 13. Qb4 $5) (11... Nd5 {
would be met by means of} 12. Bg5 $14) 12. Rfc1 Nb6 13. Qb3 $1 {[%cal Gc1c6]
Here I started to think of a positional sacrifice on c6.} Nfd5 ({Black could
try an interesting manoeuvre of the knight} 13... Nbd5 $5 14. Bd2 Ne7 {
intending to move the bishop to d5.}) 14. Bd2 {[%cal Gf3e5]} Nf6 $1 {Now Black
has to come back in order to prevent any ideas of Ne5 and e4.} 15. Rxc6 $1 {
I spent a lot of time on this positional sacrifice and decided that Black's
task won't be easy. The strong light-squared bishop, weaknesses on the
queenside and an option of Ne5 are very annoying for Black.} bxc6 16. Rc1 {
[%csl Ra7,Rc6,Rc7][%cal Gf3e5]} (16. Qc2 $5 Qd5 17. Rc1 $44) ({The immediate} 
16. Ne5 {would be too much in view of} Qxd4) 16... Rb8 ({I worried mostly about
} 16... c5 $1 17. dxc5 (17. Ne5 Qxd4 18. Bc3 Qd6 19. Bxa8 Rxa8 $15 {is fine
for Black.}) (17. Rxc5 $2 Ne4 $15) 17... Nbd5 18. Ne5 Rb8 19. Qc2 Ne7 $13 {
with a complicated position.}) 17. Rxc6 {It seems that I have to capture this
pawn in order to avoid c5.} ({Since my main worry was the c5-move I started to
check} 17. Bb4 $2 {, but soon realized that Black can play} c5 $1 {anyway.} 18.
Rxc5 (18. Bxc5 Nbd7) (18. dxc5 Nbd5) 18... Nbd7 $1 {Suddenly the rook has no
moves on the fifth rank except} 19. Ra5 {, but then Black plays} c5 $1 {again}
20. dxc5 Qxa5 $1 21. Bxa5 Rxb3 22. axb3 Nxc5 $15 {After finding this line I
rejected 17.Bb4.}) ({In case of} 17. Qc2 {I didn't like} Nbd7 18. Qxc6 Rb2)
17... Nbd5 $6 {After this move Black will be under pressure.} ({Black should
have tried to exchange the queens.} 17... Qd5 $5 18. Qc2 Qe4) 18. Qc2 Rb6 19.
Rc4 $1 {Any exchange would make Black's life easier.} (19. Ne5 $5) 19... Qb8 {
[%cal Gb6b2]} 20. Bc1 Ne7 (20... Nd7 $5 {Covering the e5-square deserved
attention.}) 21. Ne5 $1 (21. Rxc7 $6 {would allow an exchange of rooks which
would be favourable for Black.} Rc8) 21... Rd8 22. Bf3 $5 Ne8 ({After} 22...
Nd7 {I would keep the knight.} 23. Nd3 $14) 23. e3 $1 {Stabilising the
position in the centre.} Nd6 24. Rc3 ({After} 24. Rxc7 {Black forces an
exchange of rooks.} Rc8 25. Rc5 Rb5 26. Nd3 Nb7 {though White seems to retain
better chances after} 27. Rxc8+ Qxc8 28. Qa4 Rb1 29. Qxa7 $14) 24... f6 25. Nd3
Nf7 {[%cal Gf7g5]} (25... Nd5 26. Rc5 Nb7 {the rook finds an escape on a4.} 27.
Rc4 (27. e4 $5 {also looks good.} Ne7 28. Rxc7 Rc8 29. Bf4 $1 $16) 27... Nd6
28. Ra4 $16) 26. a4 {[%cal Gc1a3]} ({Fritz 11} 26. Rxc7 Rc8 27. Rc5 $16) ({
Probably it would be safer to play} 26. h4 {[%csl Rg5] covering the g5-square.}
) 26... Nd5 27. Rc5 Rd7 {[%cal Gd5b4]} 28. Ba3 Nd8 {[%cal Gd8b7] A wrong
manoeuvre in time trouble.} ({Black should have tried} 28... Rb1+ $1 29. Kg2
Ng5 {with some tactical tricks.} 30. Bxd5 $1 ({In the event of} 30. Bb2 {
Black plays} Qb7 $1 31. e4 Rg1+ $1 32. Kxg1 Nxf3+ 33. Kh1 (33. Kg2 $4 Nb4 $1
$19) 33... Nb6 $132 {[%csl Ra4,Re4] with serious counterplay.}) 30... exd5 31.
Nf4 $14) 29. Kg2 {Allowing Black's idea I had in mind 32.a5.} Nb7 30. Rc6 (30.
e4 $1 {see 32.e4.}) 30... Na5 31. Rc5 (31. Rxe6 $6 {doesn't work.} Rxe6 32. Nc5
{[%csl Rd7,Re6]} Qe8 $1 33. Nxd7 (33. Qf5 $2 Red6 34. Be4 g6 $1 $19) 33... Qxd7
34. Qc5 {[%csl Ra5,Rd5]} Nxe3+ $1 35. fxe3 Rxe3 36. Bc1 Rxf3 37. Kxf3 Qxa4 $11)
31... Nb7 32. a5 $6 {I was attracted by this idea when I played 29.Kg2.
However it turns out to be wrong.} (32. e4 $1 {was correct.} Nxc5 33. Nxc5 (33.
dxc5 Nb4 $1 $17) (33. Bxc5 Nb4 $1 $15) 33... Nf4+ (33... Nb4 34. Bxb4 Rxd4 35.
a3 $16) 34. gxf4 Rxd4 35. f5 $16) (32. Rb5 $5 $16) 32... Nxc5 33. Nxc5 Rc6 $1
34. Qg6 $1 {This was my initial idea. Suddenly White starts an attack along
the light squares.} ({Once again} 34. e4 $5 {deserved attention.} Nb4 35. Qc4
Rxd4 36. Qxd4 Nc2 37. Qc3 Nxa3 38. e5 $1 (38. Qxa3 $2 Qf8 $1 $17 {[%csl Rc5]})
38... Qb5 $1 39. Bxc6 Qxc6+ 40. Kg1 $1 ({After} 40. f3 {Black has a nice trick.
} Nb1 $1 41. Qd4 Nd2 $1 {[%csl Rf3]} 42. Qxd2 Qxc5 43. exf6 gxf6 44. g4 $11)
40... Nb5 (40... Nb1 41. Qb4 $14) 41. Qe3 $14) (34. Qa4 $5 Rdd6 35. e4 (35.
Nxe6 $2 Nc3 $19) 35... Nc3 36. Qc4 Nb5 37. Bb2 $36) 34... Rf7 $2 {Finally
Black errs, succumbing to the pressure.} (34... Rdd6 $8 {was necessary.} 35.
Be4 $1 ({Now} 35. Nxe6 $2 {is strongly met by} Nxe3+ $1 {This is the move I
missed in my calculations.} 36. fxe3 Rxe6 37. Qd3 $44 (37. Bd5 Kh8 $17) (37. d5
Rxe3 38. dxc6 Rxa3 39. Bd5+ Kh8 40. Be4 Qg8 $19)) 35... Ne7 36. Nd7 $3 {
[%cal Gd7f6]} Rxd7 37. Qh7+ Kf7 38. Bxe7 Qb5 39. Bc5 $44 {[%cal Ge4g6] with
good compensation.}) 35. Be4 $1 $18 {[%csl Rg8][%cal Gg6h7] Now Black's
position is hopeless.} f5 36. Bxd5 {[%csl Rc6]} Rf6 37. Qxf6 $1 {and Black
resigned as his position is absolutely hopeless. After winning this game I
caught up with three more players in a tie for the first in the 2008 Canadian
and Quebec open.} (37. Qxf6 gxf6 38. Bxc6 $18 {[%csl Re6,Rf5]}) 1-0

[Event "ISR-chT"]
[Site "Israel"]
[Date "2004.01.31"]
[Round "5"]
[White "Mikhalevski, Victor"]
[Black "Rozentalis, Eduardas"]
[Result "1/2-1/2"]
[WhiteElo "2568"]
[BlackElo "2625"]
[Annotator "Mikhalevski,V"]
[PlyCount "67"]
[EventDate "2004.01.03"]
[EventType "team"]
[EventRounds "11"]
[EventCountry "ISR"]
[SourceTitle "CBM 100"]
[Source "ChessBase"]
[SourceDate "2004.06.01"]
[SourceVersion "1"]
[SourceVersionDate "2004.06.01"]
[SourceQuality "1"]

1. d4 Nf6 2. c4 e6 3. g3 d5 4. Bg2 Be7 5. Nf3 O-O 6. O-O dxc4 7. Qc2 a6 8. a4
Bd7 9. Qxc4 Bc6 10. Bf4 {[%csl Rc7] One of the ideas behind this move is to
prevent 10...Bd5 which is the main White's worry after 10.Bg5.} (10. Bg5 {
Also in this line which I played a number of times White has problems to prove
his opening advantage.}) 10... a5 {[%csl Rb4][%cal Gb8a6] The most popular
reply. Black makes a typical for this entire variation move which has an idea
of taking control over the b4-square and frees the a6-square for the manoeuvre
of a black knight:Na6-b4.} ({Other options are} 10... Nbd7) (10... Nd5) ({and} 
10... Bd6) 11. Nc3 Na6 12. Rac1 {[%csl Gc2] White covers the c2-square in
advance in order to prevent a fork by means of Nc2 after preliminary Nb4.} ({
The other line} 12. Rae1 {doesn't promise any opening advantage in view of} Bd5
13. Qd3 (13. Qb5 Bc6 14. Qb3 Nb4 15. Rc1 {1/2-1/2 Tkachiev,V-Delchev,A/
Istanbul 2003/CBM 96 (15)}) 13... Nb4 14. Qb1 c5 15. dxc5 Bxc5 16. Nxd5 Nbxd5
17. Ne5 Nxf4 18. gxf4 Qb6 19. Rc1 {and Black's at least not worse in} Rac8 {
Tkachiev-Gelfand,Cap d'Adge 2002}) ({while} 12. Rfe1 Nb4 13. Rac1 {usually
leads to transposition.}) 12... Nb4 13. Rfe1 {[%cal Ge2e4] White has been
preparing e4.} Bd6 {One of the best ways to stop e4.} (13... Nbd5 $2 {is bad
ion view of} 14. Ne5 $1) (13... Bxf3 $6 {allows White to obtain a slight, but
long-last advantage.} 14. Bxf3) ({while} 13... Nfd5 {deserves a serious
attention.}) 14. Bg5 {[%cal Ge2e4] Renewing the idea of e4.} (14. e3 {
preparing a retreat of the queen to e2 is the other option here, which however
doesn't offer any advantage} Nfd5 15. Qe2 Nxf4 16. gxf4 f6 17. Kh1 Qe8 18. b3
e5 19. fxe5 fxe5 20. d5 e4 21. Nxe4 Bxd5 22. Nxd6 cxd6 23. Rg1 Qh5 24. Rc7 Kh8
$1 ({Unnecessary complications could arise after} 24... Rxf3 25. e4 $1 (25.
Rxg7+ Kxg7 (25... Kh8 26. Rg3 (26. e4 $2 Rh3 $1 $19) 26... Raf8 $1 27. e4 Bxe4
28. Qxe4 Rxf2 29. Qxb7 $13) 26. Bxf3+ Kh8 27. e4 $1 Qe5 28. exd5 Qxe2 29. Bxe2
Rf8 30. Bc4 Rxf2 31. Re1 Kg7 $11) 25... Rh3 26. Qxh5 Rxh5 27. exd5 Rf8 $1 28.
Rxb7 Nd3 $1 29. Rf1 Rg5 $1 30. h3 Nf4 $1 31. Rg1 Ne2 32. Rf1 Nf4 $11) 25. Qb2
Rf6 $1 $15 {1/2-1/2 Lautier,J-Beliavsky,A/Belgrade 1995/CBM 51 (49)}) 14... Bd5
$1 {Black exchanges the bishop which could become very passive after 15.e4} 15.
Nxd5 exd5 16. Qb3 h6 $1 {Black forces exchange of the dark-squared bishop on
the king's knight and thus equalizes the game.} 17. Bxf6 {There are no logical
retreats.} Qxf6 18. e3 {I was following the below-mentioned game of Kasparov.}
Rad8 {During his home preparation Rozentalis prepared this idea.} ({I believe
there's nothing wrong also with Gelfand's} 18... Rae8 19. Qd1 Re7 20. Rc3 Rfe8
21. Qb1 c6 $11 {1-0 Kasparov,G-Gelfand,B/Moscow 1996/CBM 52 ext (57). (56)})
19. Rc3 b6 {The beginning of an agressive plan. Black has been preparing c5
which however also has a drawback. The b5-square is getting weak. By the
series of the next moves I'm trying to exploit this weakness.} (19... c6 $5)
20. Qd1 {[%cal Gd1b1] The Queen has nothing to do on b3 so White brings it to
a better position on b1.} c5 21. Qb1 Rfe8 22. Rd1 Rc8 23. h4 {This a little
bit provocative move wasn't necessary. Although White gets the h2-square for
his king the pawn chain on the kingside is getting vulnerable.} ({Immediate} 
23. Rd2 {would be more accurate.}) 23... Rc7 24. Rd2 {[%csl Rb6][%cal Gb1f1,
Gf1b5] Clearing the way for the Queen to b5 via f1.} Rce7 {Black seems to
overlook my idea.} (24... c4 {was possible, however Black would have to
consider b3.}) 25. Qf1 $1 cxd4 $2 {This strange decision gives White an upper
hand. Now the d5-pawn is weak and the knight on b4 is misplaced.} (25... c4 {
was better.}) 26. Nxd4 $14 {[%csl Rd5]} Be5 ({or} 26... Bc5 27. Nb3 $1) 27. Qd1
$1 {[%cal Gd1g4] The Queen changes her plans. Women are unpredictable as usual!
} Qg6 {Black covers light squares on the kingside.} 28. h5 Qf6 29. Qg4 $1 Bxd4
$1 {The knight has to be eliminated.} 30. Rxd4 Re5 $1 {[%csl Rh5] Black finds
an object of attack on h5.} 31. Rc8 Qe7 $6 {This natural move seems to be a
serious inaccuracy.} (31... Rxc8 $1 32. Qxc8+ Kh7 33. Rf4 $14) 32. Rc1 $2 {
This one-move blunder can hardly be explained.} (32. e4 $1 {Right after the
game Eduardas proposed this strong idea.} {Now after} dxe4 (32... Rg5 33. Rxe8+
Qxe8 34. Qd1 $1 $16 Re5 35. Kh2 (35. f4 $5 {Golod})) ({Probably necessary is} 
32... f5 $1 33. Rxe8+ Qxe8 34. exf5 Qf7 $1 35. Bh3 Nc6 36. Rd1 Ne7 37. Rd3 $14)
33. Bxe4 $1 $16 {[%csl Rb4,Ge4] Bishop's superiority over the knight is
visible to the naked eye.}) 32... Rxe3 $1 {[%csl Rc1,Rg1]} 33. Bxd5 {
Fortunately White is able to keep an equality.} Nxd5 34. Rxd5 $11 (34. Rxd5 {
For example} Re4 35. Qf5 $1 {with the idea} Rxa4 36. Rd7 Qe6 37. Qxe6 fxe6 (
37... Rxe6 38. Rc8+ Kh7 39. Rxf7 Re5 40. Rc6 $1 Rxh5 41. Rxb6 $11) 38. Rcc7 Rg4
39. Rb7 Rg5 40. f4 $1 Rxg3+ 41. Kf2 Rg4 42. Kf3 Rg1 43. Kf2 $11) 1/2-1/2